| 000 | 00435nam a2200145 a 4500 | ||
|---|---|---|---|
| 001 | 000036561 | ||
| 005 | 20200930075811.0 | ||
| 008 | 120120s1993 xxua 000 0 spa d | ||
| 040 |
_aDO-SdBNP _bspa _cBNPHU |
||
| 082 |
_axxx _bM478u |
||
| 100 | 1 |
_aMcQuay, Earl P. _962824 |
|
| 245 | 1 | 3 |
_aUn panorama de la biblia / _cEarl P. McQuay. |
| 260 |
_aCrete, Ilinois,Estados Unidos : _bLa liga biblica, _c1993. |
||
| 300 |
_a124 p. : _bil. ; _c21 cm. |
||
| 999 |
_c36052 _d36052 |
||